| 000 | 00367nam a22001457a 4500 | ||
|---|---|---|---|
| 003 | MACL | ||
| 005 | 20170622122142.0 | ||
| 008 | 170622b xxu||||| |||| 00| 0 eng d | ||
| 040 | _cMACL | ||
| 100 |
_aJoshi, Amraendra _964847 |
||
| 245 | _aStories of Sinhasan Battisi | ||
| 260 |
_aNew Delhi _bM P Publication _c2017 |
||
| 650 |
_aStories _967719 |
||
| 942 |
_2ddc _cBK |
||
| 999 |
_c56621 _d56621 |
||